[Event "DSOL 05 Liga Gr-A 1st"]
[Site "Playchess.com INT"]
[Date "2020.08.07"]
[Round "7.1"]
[White "Koller, Reinhard"]
[Black "Szech, Sebastian"]
[Result "1-0"]
[WhiteElo "2050"]
[BlackElo "1757"]
[PlyCount "73"]
[EventDate "2020.06.22"]
[EventType "team-tourn (rapid)"]
[EventCountry "GER"]
[SourceTitle "EXT 2021"]
[Source "ChessBase"]
[SourceDate "2020.10.23"]
[SourceVersion "1"]
[SourceVersionDate "2020.10.23"]
[SourceQuality "1"]
[WhiteTeam "Burglengenfeld"]
[BlackTeam "Hamburg Lurup"]
[WhiteTeamCountry "GER"]
[BlackTeamCountry "GER"]

1. d4 d5 2. Bf4 Nf6 3. e3 c5 4. Nc3 a6 5. dxc5 Nc6 6. a3 e5 7. Bg5 Bxc5 8. Bxf6 Qxf6 9. Nxd5 Qd6 10. c4 0-0 11. Ne2 Be6 12. Nec3 Bxd5 13. Qxd5 Rad8 14. Qxd6 Bxd6 15. 0-0-0 Be7 16. Be2 g6 17. Bf3 Na5 18. Nd5 Bg5 19. Nb6 Rfe8 20. Kc2 Rxd1 21. Rxd1 e4 22. Be2 Nc6 23. b4 f5 24. Rd7 Re7 25. Rxe7 Bxe7 26. c5 Ne5 27. Kb3 Kf8 28. h3 Ke8 29. Bc4 Kd8 30. Nd5 Kd7 31. Nxe7 Kxe7 32. Bd5 Nc6 33. Bxc6 bxc6 34. Kc4 Kd7 35. a4 Kc7 36. b5 a5 37. b6+ 1-0

[Event "Liechtenstein op 25th"]
[Site "Triesen"]
[Date "2007.05.16"]
[Round "6"]
[White "Koller, Reinhard"]
[Black "Hillbrand, Johannes"]
[Result "1-0"]
[WhiteElo "2173"]
[BlackElo "1680"]
[PlyCount "53"]
[EventDate "2007.05.11"]
[EventType "swiss"]
[EventRounds "9"]
[EventCountry "LIE"]
[SourceTitle "CBM 118 Extra"]
[Source "ChessBase"]
[SourceDate "2007.07.04"]
[SourceVersion "1"]
[SourceVersionDate "2007.07.04"]
[SourceQuality "1"]

1. d4 d5 2. Nf3 Nf6 3. e3 e6 4. Bd3 c5 5. c3 Nc6 6. Nbd2 c4 7. Bc2 Bd6 8. 0-0 0-0 9. e4 dxe4 10. Nxe4 Nxe4 11. Bxe4 Qc7 12. Qe2 b5 13. a4 f5 14. Bc2 bxa4 15. Qxc4 Rf6 16. Re1 Ne5 17. Nxe5 Bxe5 18. Qxc7 Bxc7 19. Rxa4 Bb7 20. Bb3 Kf7 21. c4 Bc6 22. Ra3 Bd6 23. c5 Bc7 24. Bd2 Rg6 25. g3 Bd5 26. Bxd5 exd5 27. b4 1-0

[Event "Liechtenstein op 25th"]
[Site "Triesen"]
[Date "2007.05.15"]
[Round "5"]
[White "Raddatz, Michael"]
[Black "Koller, Reinhard"]
[Result "1-0"]
[WhiteElo "2026"]
[BlackElo "2173"]
[PlyCount "51"]
[EventDate "2007.05.11"]
[EventType "swiss"]
[EventRounds "9"]
[EventCountry "LIE"]
[SourceTitle "CBM 118 Extra"]
[Source "ChessBase"]
[SourceDate "2007.07.04"]
[SourceVersion "1"]
[SourceVersionDate "2007.07.04"]
[SourceQuality "1"]

1. e4 c5 2. Nf3 Nc6 3. d4 cxd4 4. Nxd4 e5 5. Nb5 a6 6. Nd6+ Bxd6 7. Qxd6 Qf6 8. Qd3 Nge7 9. Nc3 0-0 10. h4 d5 11. Bg5 Qg6 12. Bxe7 Nxe7 13. Nxd5 Nxd5 14. Qxd5 Bg4 15. f3 Rad8 16. Qxe5 Rfe8 17. Qg5 Rxe4+ 18. fxe4 Qxe4+ 19. Kf2 Rd6 20. Bd3 Qd4+ 21. Kg3 f5 22. Rhe1 Rf6 23. Qf4 Qd7 24. Qb8+ Kf7 25. Bc4+ Kg6 26. Qe8+ 1-0

[Event "Liechtenstein op 25th"]
[Site "Triesen"]
[Date "2007.05.14"]
[Round "4"]
[White "Koller, Reinhard"]
[Black "Halwachs, Siegfried"]
[Result "0-1"]
[WhiteElo "2173"]
[BlackElo "1986"]
[PlyCount "66"]
[EventDate "2007.05.11"]
[EventType "swiss"]
[EventRounds "9"]
[EventCountry "LIE"]
[SourceTitle "CBM 118 Extra"]
[Source "ChessBase"]
[SourceDate "2007.07.04"]
[SourceVersion "1"]
[SourceVersionDate "2007.07.04"]
[SourceQuality "1"]

1. d4 d5 2. Nf3 e6 3. c4 c6 4. cxd5 cxd5 5. Nc3 Nf6 6. Bf4 Nc6 7. Rc1 Be7 8. e3 a6 9. h3 0-0 10. Bd3 Bd7 11. 0-0 Rc8 12. Qe2 Nb4 13. Bb1 Ne4 14. Rfd1 f5 15. a3 Nc6 16. Nxe4 fxe4 17. Nd2 Nxd4 18. Qe1 Bb5 19. exd4 Rxf4 20. f3 Bf6 21. fxe4 Bxd4+ 22. Kh1 Rxc1 23. Rxc1 Bxb2 24. Rc2 Bd4 25. exd5 e5 26. Qc1 Rf8 27. Nf3 e4 28. Nxd4 Rf1+ 29. Qxf1 Bxf1 30. Ne6 Qxd5 31. Ba2 Qd1 32. Rf2 Bc4+ 33. Kh2 Qd6+ 0-1

[Event "Bayern-ch 77th"]
[Site "Bad Woerishofen"]
[Date "2006.09.01"]
[Round "8"]
[White "Erlbeck, Peter"]
[Black "Koller, Reinhard"]
[Result "0-1"]
[WhiteElo "2069"]
[BlackElo "2066"]
[PlyCount "58"]
[EventDate "2006.08.26"]
[EventType "swiss"]
[EventRounds "9"]
[EventCountry "GER"]
[SourceTitle "EXT 2007"]
[Source "ChessBase"]
[SourceDate "2006.11.23"]
[SourceVersion "1"]
[SourceVersionDate "2006.11.23"]
[SourceQuality "1"]

1. e4 e6 2. d4 d5 3. e5 c5 4. c3 Nc6 5. Nf3 Bd7 6. a3 f6 7. Bd3 Qc7 8. exf6 gxf6 9. 0-0 0-0-0 10. dxc5 Bxc5 11. b4 Bd6 12. b5 Ne5 13. Nxe5 fxe5 14. Be3 e4 15. Be2 Bxh2+ 16. Kh1 Be5 17. a4 Kb8 18. a5 Qd6 19. Bd4 Ne7 20. c4 dxc4 21. Bxe5 Qxe5 22. Nd2 Bxb5 23. Qc2 Rd4 24. Rab1 Qd5 25. Rfd1 Rc8 26. Qc3 Ba4 27. a6 Bxd1 28. axb7 Rc7 29. Bxd1 Rxd2 0-1

[Event "Oberpfalz-ch M1"]
[Site "Regensburg"]
[Date "2006.04.11"]
[Round "7.2"]
[White "Koller, Reinhard"]
[Black "Rieger, Martin"]
[Result "1-0"]
[WhiteElo "2017"]
[BlackElo "1961"]
[PlyCount "95"]
[EventDate "2006.04.08"]
[EventType "swiss"]
[EventRounds "8"]
[EventCountry "GER"]
[SourceTitle "EXT 2022"]
[Source "ChessBase"]
[SourceDate "2021.10.06"]
[SourceVersion "1"]
[SourceVersionDate "2021.10.06"]
[SourceQuality "1"]

1. d4 Nf6 2. Nc3 d5 3. Bg5 e6 4. a3 c5 5. e3 Nc6 6. f4 cxd4 7. exd4 Qb6 8. Bxf6 gxf6 9. Nf3 Bd6 10. g3 h5 11. Bb5 Bd7 12. Qd3 0-0-0 13. 0-0-0 Kb8 14. Na4 Qa5 15. Nc5 a6 16. Nxd7+ Rxd7 17. Bxc6 bxc6 18. Nd2 Ka7 19. b4 Qb6 20. Nb3 Rdd8 21. c4 Be7 22. Kb2 f5 23. Rc1 Rb8 24. Ka2 Bf6 25. Rc2 Rhc8 26. Rhc1 dxc4 27. Rxc4 Rc7 28. Qc2 Qb5 29. Rc5 Qb6 30. Na5 Bxd4 31. Nxc6+ Rxc6 32. Rxc6 Qb5 33. Rc7+ Rb7 34. Qc6 Qxc6 35. R1xc6 Bg1 36. Rxb7+ Kxb7 37. Rc2 Kb6 38. a4 Be3 39. Kb3 Bd4 40. Kc4 Bf6 41. Kd3 Be7 42. Rc4 f6 43. Rd4 Kc6 44. Kc4 e5 45. Rd5 exf4 46. b5+ axb5+ 47. axb5+ Kc7 48. gxf4 1-0

[Event "GER-Cup16 Z-407 email"]
[Site "GER email"]
[Date "2006.??.??"]
[Round "?"]
[White "Koller, Reinhard"]
[Black "Laube, Bernd"]
[Result "1-0"]
[WhiteElo "1919"]
[BlackElo "2156"]
[PlyCount "105"]
[EventDate "2006.??.??"]
[EventType "tourn (corr)"]
[EventRounds "9"]
[EventCountry "GER"]
[SourceTitle "Corr 2008"]
[Source "ChessBase"]
[SourceDate "2008.06.24"]
[SourceVersion "1"]
[SourceVersionDate "2008.06.24"]
[SourceQuality "1"]

1. e4 e5 2. Nf3 Nc6 3. Bb5 a6 4. Ba4 Nf6 5. 0-0 Be7 6. Re1 b5 7. Bb3 d6 8. c3 0-0 9. h3 Bb7 10. d4 Re8 11. Nbd2 Bf8 12. d5 Nb8 13. Nf1 Nbd7 14. N3h2 Nc5 15. Bc2 c6 16. b4 Ncd7 17. dxc6 Bxc6 18. Bg5 Qc7 19. Ng4 Nxg4 20. Qxg4 Nb6 21. Bb3 Bd7 22. Qf3 Be6 23. Be3 Nc4 24. Nd2 Na3 25. Rac1 Rec8 26. Qg3 a5 27. bxa5 Qxa5 28. Bxe6 fxe6 29. Qg4 Re8 30. h4 Qc7 31. h5 Ra4 32. Bg5 Nc4 33. Nxc4 Qxc4 34. Rc2 Qd3 35. Rce2 Ra3 36. h6 g6 37. Rb2 Rxc3 38. a4 Rb3 39. Rxb3 Qxb3 40. a5 d5 41. Rc1 dxe4 42. Be3 b4 43. a6 Ra8 44. a7 Qd5 45. Rd1 Qc6 46. Qg5 Qc7 47. Rc1 Qd6 48. Bc5 Be7 49. Bxd6 Bxg5 50. Rc7 Bxh6 51. Rb7 Rxa7 52. Rxa7 Bd2 53. Kf1 1-0

[Event "Regionalliga NO 0405"]
[Site "Bayern"]
[Date "2005.03.13"]
[Round "8.3"]
[White "Koller, Reinhard"]
[Black "Aronov, Maksym"]
[Result "0-1"]
[WhiteElo "2104"]
[BlackElo "2074"]
[PlyCount "50"]
[EventDate "2004.10.24"]
[EventType "team-tourn"]
[EventRounds "9"]
[EventCountry "GER"]
[SourceTitle "EXT 2007"]
[Source "ChessBase"]
[SourceDate "2006.11.23"]
[SourceVersion "1"]
[SourceVersionDate "2006.11.23"]
[SourceQuality "1"]
[WhiteTeam "Sinzing"]
[BlackTeam "Weiden"]
[WhiteTeamCountry "GER"]
[BlackTeamCountry "GER"]

1. c4 Nf6 2. Nc3 d5 3. cxd5 Nxd5 4. e4 Nb4 5. a3 N4c6 6. Bb5 a6 7. Bxc6+ Nxc6 8. Nge2 e5 9. b4 Be6 10. d3 Qd7 11. Be3 Rd8 12. Nc1 f5 13. f3 f4 14. Bf2 Nd4 15. N3e2 Nc6 16. Qc2 g5 17. 0-0 Rg8 18. Kh1 Qg7 19. Nb3 g4 20. g3 gxf3 21. Ng1 Qh6 22. gxf4 Bh3 23. Nxh3 Qxh3 24. Bg3 Rxg3 25. Rf2 Rg2 0-1

[Event "Bayern-ch 74th"]
[Site "Bad Neustadt"]
[Date "2003.09.02"]
[Round "5"]
[White "Roeder, Gerd"]
[Black "Koller, Reinhard"]
[Result "1/2-1/2"]
[WhiteElo "2226"]
[BlackElo "2140"]
[PlyCount "73"]
[EventDate "2003.08.30"]
[EventType "swiss"]
[EventRounds "9"]
[EventCountry "GER"]
[SourceTitle "EXT 2015"]
[Source "ChessBase"]
[SourceDate "2014.11.20"]
[SourceVersion "1"]
[SourceVersionDate "2014.11.20"]
[SourceQuality "1"]

1. e4 e6 2. d4 d5 3. Nd2 Nf6 4. e5 Nfd7 5. Bd3 c5 6. c3 Nc6 7. Ne2 cxd4 8. cxd4 f6 9. exf6 Nxf6 10. Nf3 Bd6 11. 0-0 Qb6 12. Nc3 0-0 13. Be3 Bd7 14. a3 Kh8 15. h3 Be8 16. Ng5 Bf7 17. b4 Rae8 18. Rc1 Qd8 19. Qc2 e5 20. dxe5 Bxe5 21. Bxh7 Bxc3 22. Nxf7+ Rxf7 23. Bg6 Rfe7 24. Bxe8 Rxe8 25. b5 Nd4 26. Qd3 Ne6 27. Rxc3 d4 28. Rc4 dxe3 29. Qxe3 Qd5 30. Rh4+ Kg8 31. Qxa7 Qg5 32. g3 Qxb5 33. Rb4 Qe2 34. Qxb7 Ng5 35. Qb5 Nf3+ 36. Kg2 Ne1+ 37. Kg1 1/2-1/2

[Event "Bayern-ch 73rd"]
[Site "Pfarrkirchen"]
[Date "2002.08.30"]
[Round "8"]
[White "Safyanovsky, Mark"]
[Black "Koller, Reinhard"]
[Result "1-0"]
[WhiteElo "2211"]
[BlackElo "2151"]
[PlyCount "81"]
[EventDate "2002.08.24"]
[EventType "swiss"]
[EventRounds "9"]
[EventCountry "GER"]
[SourceTitle "EXT 2015"]
[Source "ChessBase"]
[SourceDate "2014.11.20"]
[SourceVersion "1"]
[SourceVersionDate "2014.11.20"]
[SourceQuality "1"]

1. Nf3 Nf6 2. g3 g6 3. b3 Bg7 4. Bb2 d5 5. c4 e6 6. Bg2 0-0 7. 0-0 c6 8. d3 Nbd7 9. Nbd2 Re8 10. Rc1 e5 11. cxd5 Nxd5 12. Nc4 Qe7 13. Qd2 N5b6 14. Na5 Nf8 15. Qc2 Bf5 16. Nd2 Rab8 17. Rfe1 Bh6 18. Rb1 Red8 19. a3 Rd7 20. b4 Rbd8 21. Ne4 Bxe4 22. Bxe4 f6 23. Nb3 Ne6 24. Bg2 Kh8 25. Red1 Nc8 26. Bh3 Nd6 27. d4 Nf7 28. Bxe6 Qxe6 29. Nc5 Qg4 30. Nxd7 Rxd7 31. dxe5 Nxe5 32. Bxe5 fxe5 33. Rxd7 Qxd7 34. Rd1 Qe7 35. Qd3 Kg7 36. Qd7 Kf7 37. Qc8 Kf6 38. Rd7 Qe6 39. Qd8+ Kf5 40. Rxh7 Bg5 41. Qd7 1-0

[Event "Bayern-ch 73rd"]
[Site "Pfarrkirchen"]
[Date "2002.08.27"]
[Round "5"]
[White "Roeder, Frank"]
[Black "Koller, Reinhard"]
[Result "1-0"]
[WhiteElo "2240"]
[BlackElo "2151"]
[PlyCount "69"]
[EventDate "2002.08.24"]
[EventType "swiss"]
[EventRounds "9"]
[EventCountry "GER"]
[SourceTitle "EXT 2015"]
[Source "ChessBase"]
[SourceDate "2014.11.20"]
[SourceVersion "1"]
[SourceVersionDate "2014.11.20"]
[SourceQuality "1"]

1. e4 e6 2. d4 d5 3. Nd2 c5 4. exd5 Qxd5 5. Ngf3 cxd4 6. Bc4 Qd6 7. 0-0 Nf6 8. Nb3 Nc6 9. Nbxd4 Nxd4 10. Nxd4 a6 11. c3 Qc7 12. Qe2 Bd6 13. h3 0-0 14. Bg5 b5 15. Bd3 Bb7 16. Bxf6 gxf6 17. Qh5 f5 18. Bxf5 h6 19. Bc2 Bf4 20. Rfe1 Kh8 21. Be4 Rg8 22. Qf3 Bxe4 23. Rxe4 Be5 24. Rae1 Bg7 25. Rh4 Rad8 26. Qe3 Kh7 27. Nf3 Rd5 28. Ng5+ Kh8 29. Ne4 h5 30. Ng5 Rgd8 31. Rxh5+ Kg8 32. Qe4 Rd2 33. Rh8+ Bxh8 34. Qh7+ Kf8 35. Nxe6+ 1-0

[Event "Bayern-ch 73rd"]
[Site "Pfarrkirchen"]
[Date "2002.08.26"]
[Round "3"]
[White "Reich, Thomas"]
[Black "Koller, Reinhard"]
[Result "0-1"]
[WhiteElo "2349"]
[BlackElo "2151"]
[PlyCount "92"]
[EventDate "2002.08.24"]
[EventType "swiss"]
[EventRounds "9"]
[EventCountry "GER"]
[SourceTitle "EXT 2015"]
[Source "ChessBase"]
[SourceDate "2014.11.20"]
[SourceVersion "1"]
[SourceVersionDate "2014.11.20"]
[SourceQuality "1"]

1. d4 d5 2. c4 e6 3. Nc3 Nf6 4. cxd5 exd5 5. Bg5 Be7 6. e3 c6 7. Qc2 Nbd7 8. Bd3 0-0 9. Nf3 Re8 10. 0-0 Nf8 11. h3 Ne4 12. Bxe7 Qxe7 13. Bxe4 dxe4 14. Nd2 Bf5 15. f3 Qg5 16. f4 Qg3 17. Nc4 Bxh3 18. Qf2 Qxf2+ 19. Kxf2 Be6 20. Nd6 Re7 21. Ndxe4 f5 22. Nd2 Nd7 23. Nf3 Nf6 24. Ne5 Bd5 25. b4 a5 26. a3 b5 27. bxa5 Ne4+ 28. Nxe4 Bxe4 29. Rfc1 Ra6 30. a4 b4 31. Rc5 b3 32. Nc4 Rb7 33. Nb2 Rba7 34. Rac1 Rxa5 35. Rxa5 Rxa5 36. Rc5 Ra7 37. g3 g6 38. Ke2 Kg7 39. Kd2 Kh6 40. Kc3 Bd5 41. Kb4 Kh5 42. Ra5 Rb7+ 43. Ka3 Kg4 44. Ra8 Kxg3 45. a5 h5 46. a6 Rh7 0-1

[Event "Bayern-ch 73rd"]
[Site "Pfarrkirchen"]
[Date "2002.08.24"]
[Round "1"]
[White "Koller, Reinhard"]
[Black "Heika, Martin"]
[Result "0-1"]
[WhiteElo "2151"]
[BlackElo "2304"]
[PlyCount "54"]
[EventDate "2002.08.24"]
[EventType "swiss"]
[EventRounds "9"]
[EventCountry "GER"]
[SourceTitle "EXT 2015"]
[Source "ChessBase"]
[SourceDate "2014.11.20"]
[SourceVersion "1"]
[SourceVersionDate "2014.11.20"]
[SourceQuality "1"]

1. d4 Nf6 2. Nc3 c5 3. d5 g6 4. e4 d6 5. f4 Bg7 6. Nf3 0-0 7. Be2 e6 8. 0-0 exd5 9. exd5 Na6 10. Rb1 Nc7 11. Bc4 b6 12. Re1 a6 13. a4 Bd7 14. Qe2 Re8 15. Qf1 Rxe1 16. Nxe1 Qe8 17. Ra1 b5 18. axb5 axb5 19. Rxa8 Qxa8 20. Nxb5 Bxb5 21. Bxb5 Qa1 22. Bd2 Qxb2 23. Bc6 Qd4+ 24. Qf2 Ne4 25. Be3 Nxf2 26. Bxd4 Bxd4 27. c3 Be3 0-1

[Event "Oberpfalz-ch M1"]
[Site "Germany"]
[Date "2002.03.26"]
[Round "7"]
[White "Koller, Reinhard"]
[Black "Gradl, Winfried"]
[Result "1-0"]
[WhiteElo "2169"]
[BlackElo "2144"]
[PlyCount "73"]
[EventDate "2002.03.??"]
[EventType "swiss"]
[EventRounds "8"]
[EventCountry "GER"]
[SourceTitle "EXT 2005"]
[Source "ChessBase"]
[SourceDate "2004.11.15"]
[SourceVersion "1"]
[SourceVersionDate "2004.11.15"]
[SourceQuality "1"]

1. f4 d5 2. Nf3 g6 3. e3 Bg7 4. Be2 Nf6 5. d4 0-0 6. 0-0 b6 7. Ne5 Bb7 8. Nd2 Ne4 9. Nxe4 dxe4 10. Bc4 e6 11. Bd2 Bd5 12. Bxd5 exd5 13. Bb4 Re8 14. f5 f6 15. Nxg6 hxg6 16. fxg6 Nc6 17. Ba3 Bh6 18. Kh1 Kg7 19. Qe1 Rh8 20. Qg3 Bg5 21. Rf5 Rh6 22. c4 dxc4 23. Raf1 Rxg6 24. Qf2 Qd7 25. h4 Rh8 26. g3 Rgh6 27. Rxg5+ fxg5 28. Bf8+ Kh7 29. Bxh6 Kxh6 30. Qf6+ Kh7 31. Qxg5 Qg7 32. Qh5+ Kg8 33. Qe8+ Kh7 34. Qxe4+ Qg6 35. Rf7+ Kh6 36. Qf4+ Kh5 37. Rf5+ 1-0

[Event "Oberpfalz-ch M1"]
[Site "Germany"]
[Date "2002.03.23"]
[Round "1"]
[White "Koller, Reinhard"]
[Black "Schoen, Rudolf"]
[Result "1-0"]
[WhiteElo "2169"]
[BlackElo "2053"]
[PlyCount "103"]
[EventDate "2002.03.??"]
[EventType "swiss"]
[EventRounds "8"]
[EventCountry "GER"]
[SourceTitle "EXT 2005"]
[Source "ChessBase"]
[SourceDate "2004.11.15"]
[SourceVersion "1"]
[SourceVersionDate "2004.11.15"]
[SourceQuality "1"]

1. Nf3 c5 2. e3 g6 3. d4 Bg7 4. c4 Nf6 5. Nc3 0-0 6. g3 b6 7. Bg2 Bb7 8. d5 d6 9. 0-0 e5 10. dxe6 fxe6 11. Bh3 Qe7 12. Ng5 e5 13. e4 Nc6 14. Ne6 Bc8 15. Nd5 Nxd5 16. Qxd5 Nb4 17. Qxa8 Bxe6 18. Bxe6+ Kh8 19. Bc8 Nc2 20. Rb1 Qc7 21. Qb7 Rxc8 22. Qxc7 Rxc7 23. Be3 Kg8 24. a3 Kf7 25. Rbc1 Nd4 26. Bxd4 exd4 27. Rcd1 Ke6 28. f4 a6 29. a4 b5 30. b3 Rb7 31. Rb1 Bf6 32. Kf2 Bd8 33. Ke2 Ba5 34. Kd3 h5 35. h3 Kf6 36. axb5 axb5 37. cxb5 Rxb5 38. Kc4 Rb4+ 39. Kd5 Ke7 40. Rfd1 Rb7 41. g4 Bc3 42. Rd3 Ra7 43. gxh5 gxh5 44. Rg3 Ra2 45. f5 Rh2 46. Rbg1 d3 47. Rxd3 Be5 48. Rg6 h4 49. Re6+ Kd7 50. Rxe5 dxe5 51. Kxe5+ Kc6 52. Ke6 1-0

[Event "Bayern-ch 71st"]
[Site "Bad Koenigshofen"]
[Date "2000.08.31"]
[Round "7"]
[White "Koller, Reinhard"]
[Black "Goetz, Andreas"]
[Result "1/2-1/2"]
[WhiteElo "2077"]
[BlackElo "2175"]
[PlyCount "93"]
[EventDate "2000.08.26"]
[EventType "swiss"]
[EventRounds "9"]
[EventCountry "GER"]
[SourceTitle "EXT 2015"]
[Source "ChessBase"]
[SourceDate "2014.11.20"]
[SourceVersion "1"]
[SourceVersionDate "2014.11.20"]
[SourceQuality "1"]

1. Nf3 d5 2. d4 Nf6 3. e3 Bf5 4. c4 e6 5. Qb3 Qc8 6. Nc3 c6 7. Bd2 Qc7 8. Be2 Qb6 9. c5 Qc7 10. Nh4 Bg6 11. Qa4 Nbd7 12. b4 Be7 13. 0-0 Ne4 14. Nxe4 Bxe4 15. f3 Bg6 16. Nxg6 hxg6 17. g3 e5 18. b5 0-0 19. Rab1 exd4 20. exd4 Bf6 21. Bf4 Qc8 22. bxc6 bxc6 23. Ba6 Bxd4+ 24. Kh1 Nxc5 25. Bxc8 Nxa4 26. Bb7 Nc3 27. Bxa8 Nxb1 28. Bxc6 Nc3 29. Bd2 Rd8 30. a4 Rd6 31. Bxc3 Bxc3 32. Bb5 d4 33. Rd1 g5 34. Bd3 Re6 35. Kg2 a5 36. Kh3 Kf8 37. Kg4 Re3 38. Be4 Re2 39. Kxg5 Rxh2 40. Bd3 Ke7 41. Kf4 Kd6 42. g4 Ra2 43. Bb5 Kc5 44. Ke4 Ra3 45. Be8 Ra2 46. Bb5 Rf2 47. Rf1 1/2-1/2

[Event "Bayern-ch 71st"]
[Site "Bad Koenigshofen"]
[Date "2000.08.28"]
[Round "4"]
[White "Sippenauer, Florian"]
[Black "Koller, Reinhard"]
[Result "1/2-1/2"]
[WhiteElo "1941"]
[BlackElo "2077"]
[PlyCount "58"]
[EventDate "2000.08.26"]
[EventType "swiss"]
[EventRounds "9"]
[EventCountry "GER"]
[SourceTitle "EXT 2015"]
[Source "ChessBase"]
[SourceDate "2014.11.20"]
[SourceVersion "1"]
[SourceVersionDate "2014.11.20"]
[SourceQuality "1"]

1. Nf3 d5 2. c4 e6 3. b3 Nf6 4. Bb2 c5 5. e3 Be7 6. Be2 0-0 7. 0-0 Nc6 8. d4 cxd4 9. Nxd4 Nxd4 10. Bxd4 dxc4 11. bxc4 Bd7 12. Bf3 Qc8 13. Nd2 Bc6 14. Rb1 b6 15. Qc2 Bxf3 16. Nxf3 Nd7 17. Ne5 Nxe5 18. Bxe5 Qc6 19. Qc3 f6 20. Bg3 Rac8 21. Rfc1 Rfd8 22. Rc2 Qa4 23. Qb3 Qd7 24. h3 Rc5 25. Rc3 Qc6 26. Qc2 f5 27. Rd1 Rxd1+ 28. Qxd1 Bf6 29. Rc2 b5 1/2-1/2

[Event "Bayern-ch 71st"]
[Site "Bad Koenigshofen"]
[Date "2000.08.27"]
[Round "3"]
[White "Koller, Reinhard"]
[Black "Baeuml, Ulrich"]
[Result "1-0"]
[WhiteElo "2077"]
[BlackElo "2092"]
[PlyCount "89"]
[EventDate "2000.08.26"]
[EventType "swiss"]
[EventRounds "9"]
[EventCountry "GER"]
[SourceTitle "EXT 2015"]
[Source "ChessBase"]
[SourceDate "2014.11.20"]
[SourceVersion "1"]
[SourceVersionDate "2014.11.20"]
[SourceQuality "1"]

1. c4 e5 2. Nc3 Nc6 3. g3 g6 4. Bg2 Bg7 5. e3 Nge7 6. Nge2 d6 7. 0-0 Be6 8. b3 Qd7 9. d4 Bh3 10. Bb2 Bxg2 11. Kxg2 exd4 12. Nxd4 0-0 13. Nxc6 Qxc6+ 14. Qf3 Qxf3+ 15. Kxf3 Rfe8 16. Rad1 a5 17. Rd2 Bxc3 18. Bxc3 a4 19. b4 Nc6 20. a3 f5 21. Ke2 Kf7 22. Kd3 Ne5+ 23. Bxe5 dxe5 24. Kc3 c6 25. c5 Ke7 26. Rfd1 Red8 27. Rxd8 Rxd8 28. Rxd8 Kxd8 29. Kc4 Kc7 30. b5 cxb5+ 31. Kxb5 h6 32. h4 g5 33. h5 g4 34. Kxa4 Kc6 35. Kb4 Kd5 36. a4 Ke4 37. c6 bxc6 38. a5 Kf3 39. a6 Kxf2 40. a7 Kxg3 41. a8Q f4 42. exf4 exf4 43. Kc3 f3 44. Kd2 Kg2 45. Qxc6 1-0